000 00682 a2200217 4500
003 OSt
005 20180116192401.0
008 120702t xxu||||| |||| 00| 0 eng d
020 _a071483937X
020 _a9780714839370
040 _c0
082 _a770
100 _aJeffrey, Ian.
_95346
245 1 4 _aThe photography book /
_c[texts written by Ian Jeffrey].
260 _aLondon :
_bPhaidon,
_c1997 |g (2000 [printing])
300 _a519 p. :
_bill. (some col.), ports. (some col.) ;
_c17 cm.
650 1 0 _aPhotography.
_95347
650 1 0 _aPhotography, Artistic.
_95348
942 _aSADA
_cBK
_k770 JEF 1997
_2ddc
999 _c353333
_d353333